Psychosocial aspects of medical practice : children and adolescents /

Bibliographic Details
Other Authors: Pasnau, Robert O.
Format: Book
Language:English
Published: Menlo Park, Calif. : Addison-Wesley Pub. Co., Medical/Nursing Division, [1982]
Series:Addison-Wesley clinical practice series.
Subjects:

MARC

Tag First Indicator Second Indicator Subfields
LEADER 00000pam a2200000 a 4500
001 in00000098192
005 20150924085659.0
008 811005s1982 cau b 00100 eng
010 |a  81017567  
020 |a 0201057166 
035 |a (OCoLC)07924805 
035 |9 AAK9558AM 
039 0 |a 2  |b 3  |c 3  |d 3  |e 3 
040 |a DLC  |c DLC  |d TXA  |d UtOrBLW 
049 |a TXAM  |c [933703] 
050 0 0 |a RJ47.5  |b  P784 1982 
082 0 |a 618.92/0001/9  |2 19 
245 0 0 |a Psychosocial aspects of medical practice :  |b children and adolescents /  |c edited by Robert O. Pasnau. 
264 1 |a Menlo Park, Calif. :  |b Addison-Wesley Pub. Co., Medical/Nursing Division,  |c [1982] 
264 4 |c ©1982 
300 |a xix, 321 pages ;  |c 24 cm. 
336 |a text  |b txt  |2 rdacontent 
337 |a unmediated  |b n  |2 rdamedia 
338 |a volume  |b nc  |2 rdacarrier 
490 1 |a Addison-Wesley clinical practice series 
504 |a Includes bibliographies and index. 
650 0 |a Pediatrics  |x Psychological aspects. 
650 0 |a Sick children  |x Psychology. 
650 0 |a Adolescent medicine  |x Psychological aspects. 
650 0 |a Youth  |x Diseases  |x Psychological aspects. 
700 1 |a Pasnau, Robert O. 
830 0 |a Addison-Wesley clinical practice series. 
999 |a MARS 
999 f f |s 5618b9b6-609d-3586-8145-06d64bcfeddf  |i 3679b015-acd1-3a3f-8c21-8b3eeb9651e5  |t 0 
952 f f |p ric  |a Texas A&M University  |b Rellis Campus  |c Joint Library Facility  |d Remote Storage  |t 0  |e RJ47.5 P784 1982  |h Library of Congress classification  |i unmediated -- volume  |m A14806026954 
998 f f |a RJ47.5 P784 1982  |t 0  |l Remote Storage